| 000 | 01329nam a2200241Ii 4500 | ||
|---|---|---|---|
| 003 | JO-AjNU | ||
| 005 | 20240625104344.0 | ||
| 008 | 230605s9999||||xx |||||||||||||| ||und|| | ||
| 040 |
_aJO-AjNU _bara _erda _cJO-AjNU |
||
| 041 | _aara | ||
| 050 | 1 | 4 | _aHG4028.2021 |
| 100 | 1 |
_aكساسبه، منال علي _eمعد _965600 |
|
| 245 | 0 | 0 |
_aأثر دوران اعضاء مجلس الادارة على جودة الارباح في الشركات الصناعية الاردنية المدرجة في بورصة عمان: تركيز الملكية كمتغير معدل=The Impact of Board of Directors Turnover on Earning Quality in the Jordanian Industrial Companies Listed on the Amman Stock Exchange:Ownership Concentration as a Moderating Variable / _cاعداد منال علي كساسبه؛ اشراف احمد ابراهيم كراجه |
| 264 | 3 | 1 | _a 2021 |
| 300 | _a127 ورقة | ||
| 336 |
_atext _btxt _2rdacontent |
||
| 337 |
_aunmediated _bn _2rdamedia |
||
| 338 |
_avolume _bnc _2rdacarrier |
||
| 500 | _aرسالة جامعية ( اطروحة ماجستير) جامعة عجلون الوطنية: كلية ادارة الاعمال ، المحاسبة،2021 | ||
| 650 | 4 |
_aالارباح-الشركات-الاردن _961383 |
|
| 700 | 1 |
_aكراجه، احمد ابراهيم _eمشرف _964987 |
|
| 942 |
_2lcc _cTHS |
||
| 999 |
_c31311 _d31311 |
||